Competitive strategies : an advanced textbook in game theory for business students /

Bibliographic Details
Main Author: Ponssard, Jean Pierre
Format: Book
Language:English
French
Published: Amsterdam ; New York : North-Holland ; 1981.
Subjects:

MARC

Tag First Indicator Second Indicator Subfields
LEADER 00000pam a2200000 a 4500
001 in00000080905
005 20151008054122.0
008 810716s1981 ne a b 00010 eng
010 |a  81011167  
020 |a 0444862307 
035 |a (OCoLC)07653225 
035 |9 AAH9691AM 
039 0 |a 2  |b 3  |c 3  |d 3  |e 3 
040 |a DLC  |c DLC  |d TXA  |d UtOrBLW 
041 1 |a eng  |a fre 
049 |a TXAM  |c [1672180] 
050 0 0 |a HB144  |b .P6613 
082 0 |a 658.4/0353  |2 19 
100 1 |a Ponssard, Jean Pierre. 
240 1 0 |a Logique de la négociation et théorie des jeux.  |l English 
245 1 0 |a Competitive strategies :  |b an advanced textbook in game theory for business students /  |c Jean-Pierre Ponssard ; [translated by A.R.G. Heesterman]. 
264 1 |a Amsterdam ;  |a New York :  |b North-Holland ;  |c 1981. 
264 2 |a New York :  |b Sole distributors for the U.S.A. and Canada, Elsevier North-Holland Inc., 
300 |a ix, 211 pages :  |b illustrations ;  |c 23 cm. 
336 |a text  |b txt  |2 rdacontent 
337 |a unmediated  |b n  |2 rdamedia 
338 |a volume  |b nc  |2 rdacarrier 
500 |a Translation of: Logique de la negociation et theorie des jeux. 
504 |a Includes bibliographies. 
650 0 |a Game theory. 
650 0 |a Negotiation  |x Mathematical models. 
999 |a MARS 
999 f f |s a365a52f-6960-3838-b8d8-386e3c8c1dd9  |i 961a492f-68cf-33e3-8752-a5e7dbc1e0e4  |t 0 
952 f f |p ric  |a Texas A&M University  |b Rellis Campus  |c Joint Library Facility  |d Remote Storage  |t 0  |e HB144 .P6613  |h Library of Congress classification  |i unmediated -- volume  |m A14806119333 
998 f f |a HB144 .P6613  |t 0  |l Remote Storage